000 00382nam a2200133Ia 4500
008 220217s9999||||xx |||||||||||||| ||und||
020 _a8121913594
082 _a658.311 AGG
100 _aAggarwal, R.S
245 0 _aAdvanced approach to data interpretation
260 _aS. chand and company
_bNew Delhi
_c2011
300 _a153p.
_b120
650 _aHUMAN RESOURCE MANAGEMENT
999 _c182820
_d182820